Statistics for Crip Mac Quiz

Click here to take the quiz!

General Stats

  • This quiz has been taken 4 times
  • The average score is 3 of 20

Answer Stats

HintAnswer% Correct
What is Crip Mac's favorite number?5
100%
What is Crip Mac's favorite letter?C
67%
What year was Crip Mac born?1993
33%
What gang is Crip Mac a member of?55 Neighborhood Crips
33%
What show is Crip Mac currently employed?No Jumper
33%
What is Crip Mac's favorite drink?Olde English
33%
What state did Crip Mac move to when he was a child?Texas
33%
What famous high school did Crip Mac attend but not graduate from in Texas?Elsik High School
0%
What tattoo does Crip Mac have on his forehead?Hoovah Killa
0%
What orange-wearing gang does Crip Mac despise?Hoovers
0%
What Hoover rapper did Crip Mac fight in jail?Jap5
0%
What other 55th street member does Crip Mac mention whenever he says "Homie"King 5 Fingers
0%
Who is Crip Mac's driver and former fiance?Lupe46
0%
What balcony-banging Hoover has Crip Mac had internet beef with?Milk74
0%
What is the name of Crip Mac's CURRENT cat?Ms. Carfield
0%
Where was Crip Mac born?Ontario, California
0%
What is Crip Mac's number one song?Opp Goblin
0%
What is Crip Mac's favorite resteraunt?Popeyes
0%
What was the name of Crip Mac's best friend who was killed in 2013?Tiny Hard Head
0%
What is Crip Mac's real Name?Trevor Hurd Jr.
0%

Score Distribution

Percentile by Number Answered

Percent of People with Each Score

Your Score History

You have not taken this quiz